000 00959nam a22003257a 4500
005 20220201110734.0
008 160203b xxu||||| |||| 00| | spa d
041 _aeng
082 _a658 B517p2
100 _aBernal Torres, César Augusto
_92732
100 _aSierra Arango, Hernán Darío
_92733
245 _aProceso administrativo para las organizaciones del siglo XXI
250 _a2 edición
260 _aColombia
260 _bPearson
260 _c2013
300 _a384 páginas
505 _aContiene disco compacto N° 727
650 _aPROCESO ADMINISTRATIVO
_962381
650 _aGERENCIA DE ORGANIZACIONES
_92735
650 _aPLANEACIÓN ESTRATÉGICA
_9804
650 _aORGANIZACIÓN
_9805
650 _aDISEÑO ORGANIZACIONAL
_92736
650 _aDIRECCIÓN
_92737
650 _aMOTIVACIÓN
_962382
650 _aLIDERAZGO
_922
650 _aTRABAJO EN EQUIPO
_9731
650 _aCONTROL ADMINISTRATIVO
_92739
942 _cBK
999 _c7595
_d7595